Jorge Luis Borges / (Record no. 352336)

000 -LEADER
fixed length control field 01174 a2200289 4500
003 - CONTROL NUMBER IDENTIFIER
control field OSt
005 - DATE AND TIME OF LATEST TRANSACTION
control field 20180116192332.0
008 - FIXED-LENGTH DATA ELEMENTS--GENERAL INFORMATION
fixed length control field 120210t xxu||||| |||| 00| 0 eng d
010 ## - LIBRARY OF CONGRESS CONTROL NUMBER
LC control number 95155600
020 ## - INTERNATIONAL STANDARD BOOK NUMBER
International Standard Book Number 287686164X
020 ## - INTERNATIONAL STANDARD BOOK NUMBER
International Standard Book Number 9780140286809
035 ## - SYSTEM CONTROL NUMBER
System control number (CStRLIN)NYUG93-B48979
040 ## - CATALOGING SOURCE
Transcribing agency 0
082 ## - DEWEY DECIMAL CLASSIFICATION NUMBER
Classification number 863
100 1# - MAIN ENTRY--PERSONAL NAME
Personal name Borges, Jorge Luis,
245 10 - TITLE STATEMENT
Title Jorge Luis Borges /
Statement of responsibility, etc. François Taillandier.
260 ## - PUBLICATION, DISTRIBUTION, ETC.
Place of publication, distribution, etc. Paris :
Name of publisher, distributor, etc. Editions François Bourin,
Date of publication, distribution, etc. c1993.
300 ## - PHYSICAL DESCRIPTION
Extent 203, [4] p. of plates :
Other physical details ill. ;
Dimensions 21 cm.
440 #0 - SERIES STATEMENT/ADDED ENTRY--TITLE
Title Ecrivain/écrivain
505 ## - FORMATTED CONTENTS NOTE
Formatted contents note 1. A Universal history of inquity (1935) 2. Fiction (1944) 3. Artifices (1944) 3. The Aleph (1949) 4. The Maker (1960) 5. Museum 6. In Praise of Darkness (1969) 7. Brodies Report (1970) 8. The Book of sand (1975) 9. Shakespears memory (19830 )
600 10 - SUBJECT ADDED ENTRY--PERSONAL NAME
Personal name Borges, Jorge Luis,
Dates associated with a name 1899-1986
General subdivision Criticism and interpretation.
650 ## - SUBJECT ADDED ENTRY--TOPICAL TERM
Topical term or geographic name entry element Short stories
650 ## - SUBJECT ADDED ENTRY--TOPICAL TERM
Topical term or geographic name entry element Magic realism (Literature)
651 ## - SUBJECT ADDED ENTRY--GEOGRAPHIC NAME
Geographic name Spanish American fiction
General subdivision History and criticism
Geographic subdivision 20th century
942 ## - ADDED ENTRY ELEMENTS (KOHA)
Institution code [OBSOLETE] SADA
Koha item type Book
Call number prefix 863 BOR 1993
Source of classification or shelving scheme
Holdings
Withdrawn status Lost status Source of classification or shelving scheme Damaged status Not for loan Permanent Location Current Location Date acquired Total Checkouts Total Renewals Full call number Barcode Date last seen Date last checked out Cost, replacement price Price effective from Koha item type
          School of Art Design and Architecture (SADA) School of Art Design and Architecture (SADA) 08/31/2010 10 5 863 BOR 1993 SADA0000114 07/15/2016 06/07/2016 2209.00 08/05/2011 Book
© 2023 Central Library, National University of Sciences and Technology. All Rights Reserved.